000
00313nam a22001457a 4500
008
180919b xxu||||| |||| 00| 0 eng d
020
_a
9781403948267
041
_a
eng
080
_a
159.9
082
_a
159.9
100
_a
48
101
_a
PSI
245
_a
Child Abuse and Neglect
_c
Howe,D
942
_2
udc
_c
BK
999
_c
48043
_d
48043